000 00532nam a2200169Ia 4500
003 SGT
082 _a658.0058
_bTIP P-4
100 _aTipton, Harold F
245 _aInformation security management handbook Part-2
250 _a5th Ed.
260 _bAyerban Publication
_aNew York
_c2014
300 _aV.p.
650 _aMANAGEMENT
653 _aUSE OF CRYPTOGRAPHY,CRYPTOGRAPHY CONCEPTS METHODOLOGIES AND PRACTICES,PRIVATE KEY ALGORITHMS,PUBLIC KEY INFRASTRUCTURE,METHODS OF ATTACK
700 _aKrause,Micki
942 _2ddc
_cBK
999 _c5621
_d5621